000 00316nam a2200121Ia 4500
005 20251222152019.0
008 251222s9999||||xx |||||||||||||| ||spa||
020 _a84-7903-990-6
082 _a571.1/H54
100 _a"Hill, Richard W.Wyse, Gordon A.Anderson, Margaret"
245 0 _aFisiologĂ­a animal
942 _cLIB
999 _c25229
_d25229